| 000 | 02652nac a22003377a 4500 | ||
|---|---|---|---|
| 003 | Co-PeBPM | ||
| 005 | 20240530211203.0 | ||
| 007 | ta | ||
| 008 | 240530s2019 ck a|||| |||| 00| 0 spa d | ||
| 020 | _a9789587223989 | ||
| 040 |
_aCo-PeBPM _bspa _cCo-PeBPM _erda |
||
| 082 | 0 | 4 |
_a621.8 M798l _222 |
| 100 | 1 |
_aMontoya López, Jesús Alberto _eautor |
|
| 245 | 1 | 0 |
_aLibro de ejercicios prácticos para el dibujo de elementos de máquinas _c/ Jesús Alberto Montoya López, Ricaurte Ospina López |
| 250 | _aPrimera edición | ||
| 260 |
_aPereira, Risaralda _b: Universidad Tecnológica de Pereira, _c2019 |
||
| 300 |
_a69 páginas _bilustraciones en blanco y negro _c28 centímetros |
||
| 490 | _aColección Textos Académicos | ||
| 500 | _aIncluye índice | ||
| 500 | _aContiene datos biográficos de los autores en la solapa | ||
| 505 | _a1 Complementación en modelos y en vistas para piezas cilíndricas 2 Vistas principales de piezas cilíndricas 3 Vistas principales de piezas con superficies cilíndricas y planas mecanizadas y sus tangencias 4 Vistas principales de piezas con superficies mecanizadas y no mecanizadas, que involucran tangencias y redondeos 5 Vistas necesarias de piezas con superficies mecanizadas y no mecanizadas, que involucran tangencias, redondeos y vistas auxiliares de primer orden 6 Vistas necesarias de piezas mecanizadas, que involucran vistas auxiliares de primer y segundo orden 7 Vistas en sección a partir de vistas dadas y con ayuda del modelo isométrico real en corte 8 Vistas en sección a partir de vistas dadas 9 Dimensionado o acotado para vistas necesarias de piezas mecánicas 10 Selección de las vistas necesarias con sus cortas, para dibujarlas en un plano de detalle | ||
| 520 | _aEl dibujo técnico ha ocupado un papel importante en la formación profesional, lo cual ha requerido de la enseñanza y aprendizaje del mismo. Este libro de ejercicios está elaborado con el fin de afianzar los conocimientos que se imparten en el salón de clase de forma teórica. De manera clara se crearon hojas de solución directa para que se puedan resolver a mano alzada o con instrumentos, ejercicios de manejo de instrumentos, geometría gráfica, proyección ortogonal y proyección isométrica (con superficies planas y cilíndricas). | ||
| 650 | 1 | 0 |
_aMaquinaria - Diseño _2Lemb |
| 650 | 1 | 0 |
_aDibujo técnico _2Lemb |
| 650 | 1 | 0 |
_aMétodos gráficos _2Lemb |
| 650 | 1 | 0 | _aDibujo técnico - Ejercicios |
| 650 | 1 | 0 |
_aIsometría (Matemáticas) _2Lemb |
| 700 |
_aOspina López, Ricaurte _ecoautor |
||
| 942 |
_2ddc _cBK _n0 |
||
| 999 |
_c26911 _d26911 |
||